Labour Law in Germany <An> Overview
Na minha lista:
| Outros Autores: | , |
|---|---|
| Formato: | Livro |
| Idioma: | inglês |
| Publicado em: |
Bonn
Bundesminister für Arbeit und Sozialordnung
1992
|
| Edição: | 4. rev. and extended ed. |
| Assuntos: | |
| Tags: |
Sem tags, seja o primeiro a adicionar uma tag!
|
MARC
| LEADER | 00000nam a2200000 4500 | ||
|---|---|---|---|
| 001 | c005208 | ||
| 005 | 20221206083304.0 | ||
| 041 | 0 | |a eng | |
| 044 | |a DE | ||
| 245 | 1 | 0 | |a Labour Law in Germany |b <An> Overview |c Prekl. Angelika Haarkamp, Renate Kretz |
| 250 | |a 4. rev. and extended ed. | ||
| 264 | 1 | |a Bonn |b Bundesminister für Arbeit und Sozialordnung |c 1992 | |
| 300 | |a 538 s. | ||
| 610 | 2 | 0 | |a Nemecko |
| 610 | 2 | 0 | |a právo pracovné |
| 610 | 2 | 0 | |a zamestnanosť |
| 610 | 2 | 0 | |a zmluvy pracovné |
| 610 | 2 | 0 | |a ochrana osobnosti |
| 610 | 2 | 0 | |a združenia |
| 610 | 2 | 0 | |a zmluvy kolektívne |
| 610 | 2 | 0 | |a založenie podniku |
| 610 | 2 | 0 | |a čas pracovný |
| 610 | 2 | 0 | |a ochrana zdravia |
| 610 | 2 | 0 | |a súdnictvo |
| 700 | 1 | |a Haarkamp, Angelika | |
| 700 | 1 | |a Kretz, Renate | |